[Event "Bodensee-Cup 2008 (Schweiz-Bayern)"]
[Site "Wasserburg (25.4.-27.4)"]
[Date "2008.04.27"]
[Round "3.10"]
[White "Raeber, Markus"]
[Black "Schneider, David(90)"]
[Result "1-0"]
[WhiteElo "2247"]
[BlackElo "2204"]
[PlyCount "117"]
[EventDate "2008.04.??"]
[EventType "team-tourn"]
[EventRounds "3"]
[WhiteTeam "SUI"]
[BlackTeam "Bayern/Großenseebach FSV"]
[WhiteTeamCountry "SUI"]
[BlackTeamCountry "GER"]

1. d4 Nf6 2. g3 e6 3. Bg2 d5 4. Nf3 b5 5. O-O Bb7 6. b3 Nbd7 7. c4 bxc4 8. bxc4
dxc4 9. Qa4 Be7 10. Qxc4 c5 11. dxc5 Bxc5 12. Ba3 Rc8 13. Bxc5 Rxc5 14. Qb4 Qb6
15. Qxb6 axb6 16. Nbd2 Ra5 17. Nc4 Ra7 18. Rfb1 Nd5 19. Nd4 Ke7 20. a4 Rha8 21.
a5 bxa5 22. e4 Nc7 23. Nxa5 Rxa5 24. Rxa5 Rxa5 25. Rxb7 Rc5 26. f4 Rc4 27. Nb3
Nf6 28. e5 Nfd5 29. Bxd5 exd5 30. Kf2 Kd7 31. Ke3 Rc3+ 32. Kd2 Rc6 33. Nd4 Rc5
34. f5 Kc8 35. Rb6 g6 36. g4 Ra5 37. Rf6 Ra2+ 38. Nc2 gxf5 39. gxf5 Nb5 40. Kd3
Ra7 41. Rh6 Kd7 42. Rxh7 Ke7 43. Nb4 Ra3+ 44. Kd2 Nc3 45. e6 Ne4+ 46. Kc2 Ng5
47. Rh5 fxe6 48. Rxg5 Rh3 49. Rg2 Rh4 50. Kc3 d4+ 51. Kc4 exf5 52. Kd5 Kf6 53.
Nd3 Rg4 54. Rf2 Kg5 55. Nc5 Kh4 56. Ke5 f4 57. Ne6 f3 58. Nxd4 Kh3 59. Nxf3 1-0

[Event "Bodensee-Cup 2008 (Schweiz-Bayern)"]
[Site "Wasserburg (25.4.-27.4)"]
[Date "2008.04.27"]
[Round "3.11"]
[White "Baldauf, Marco"]
[Black "Nuri, Kambez"]
[Result "1/2-1/2"]
[WhiteElo "2279"]
[BlackElo "2172"]
[PlyCount "81"]
[EventDate "2008.04.??"]
[EventType "team-tourn"]
[EventRounds "3"]
[WhiteTeam "Bayern/Pang SGem"]
[BlackTeam "SUI"]
[WhiteTeamCountry "GER"]
[BlackTeamCountry "SUI"]

1. e4 c5 2. Nf3 Nc6 3. Bb5 e6 4. Bxc6 bxc6 5. d3 Qc7 6. Ng5 h6 7. Nh3 e5 8. f4
d5 9. Qf3 Bd6 10. Nc3 d4 11. Ne2 Nf6 12. O-O Bg4 13. Qf2 exf4 14. Bxf4 Bxh3 15.
Bxd6 Qxd6 16. gxh3 O-O-O 17. Ng3 Qe6 18. Qf5 Nd7 19. Qxf7 Qxh3 20. Rf5 Kc7 21.
Qg6 h5 22. Rxh5 Rxh5 23. Qxh5 Qxh5 24. Nxh5 Ne5 25. b3 Rd7 26. h3 g6 27. Nf6
Rf7 28. Rf1 Kd6 29. Kg2 Ke6 30. Ng4 Rxf1 31. Kxf1 Nxg4 32. hxg4 Ke5 33. Kf2 g5
34. Kf3 Ke6 35. Kg3 Ke5 36. Kf3 Ke6 37. Kg3 Ke5 38. a3 a5 39. Kf3 Ke6 40. Ke2
Ke5 41. Kf3 1/2-1/2

[Event "Bodensee-Cup 2008 (Schweiz-Bayern)"]
[Site "Wasserburg (25.4.-27.4)"]
[Date "2008.04.27"]
[Round "3.12"]
[White "Gaehler, Marco"]
[Black "Wagner, Florian(06.90)"]
[Result "1-0"]
[WhiteElo "2201"]
[BlackElo "2180"]
[PlyCount "61"]
[EventDate "2008.04.??"]
[EventType "team-tourn"]
[EventRounds "3"]
[WhiteTeam "SUI"]
[BlackTeam "Bayern/Nürnberg-NT SC"]
[WhiteTeamCountry "SUI"]
[BlackTeamCountry "GER"]

1. e4 c5 2. Nf3 Nc6 3. Bb5 e6 4. O-O Nge7 5. c3 a6 6. Ba4 b5 7. Bc2 Bb7 8. Qe2
d5 9. e5 d4 10. Be4 Nd5 11. d3 dxc3 12. bxc3 Be7 13. c4 Qd7 14. Ng5 Nd4 15. Qh5
g6 16. Qh6 Bf8 17. Qh4 Nb4 18. Nc3 Nbc6 19. Nxh7 Rxh7 20. Qxh7 Nxe5 21. Bh6
Bxh6 22. Bxb7 Qxb7 23. Qh8+ Bf8 24. Qxe5 b4 25. Ne4 Qc6 26. f4 O-O-O 27. Ng5
Nf5 28. Nxf7 Rxd3 29. Rae1 Nd4 30. Qh8 Qe8 31. Nd6+ 1-0